Paisajes en movimiento: de migraciones, desiertos, transposiciones y fugas
Guardat en:
| Autor principal: | |
|---|---|
| Format: | Llibre |
| Idioma: | espanyol |
| Publicat: |
Viña del Mar
Ediciones Altazor
2013
|
| Edició: | 1a. ed |
| Col·lecció: | Cuadernos de Poesía, 9
|
| Matèries: | |
| Etiquetes: |
Afegir etiqueta
Sense etiquetes, Sigues el primer a etiquetar aquest registre!
|
MARC
| LEADER | 00000cam a2200000 a 4500 | ||
|---|---|---|---|
| 001 | UCF8681 | ||
| 003 | CL-VaPUC | ||
| 008 | 130930e20130700cl |||||||||||||||||spa|d | ||
| 020 | |a 9789569205156 | ||
| 082 | 0 | 4 | |a 861 |b HOL |2 21 |
| 100 | |a Holas Véliz, Sergio |e author |9 570824 | ||
| 245 | 1 | 0 | |a Paisajes en movimiento: de migraciones, desiertos, transposiciones y fugas |
| 250 | |a 1a. ed | ||
| 300 | |a 57 p | ||
| 942 | |c BK | ||
| 945 | |d 20130930 13:19:00 |a dcastane | ||
| 260 | |a Viña del Mar |b Ediciones Altazor |c 2013 | ||
| 650 | 0 | |a Poesías chilenas |9 265280 | |
| 650 | 0 | |a Literatura chilena |9 308278 | |
| 583 | |a last modification |c 20130930 13:19:00 |k Rodrigo Vera | ||
| 490 | 0 | |a Cuadernos de Poesía, 9 | |
| 999 | |c 353248 |d 353246 | ||
| 952 | |0 0 |1 0 |3 erb |4 0 |6 861_000000000000000_HOL_2013 |7 0 |8 A |9 458342 |a BIBING |b BIBING |d 2019-11-23 |i 5012287 |o 861 HOL 2013 |p 5012287 |r 2025-01-20 |w 2019-11-23 |y BK |z Catalogado en:20130930 |k CUI | ||
| 952 | |0 0 |1 0 |3 erb |4 0 |6 861_000000000000000_HOL_2013 |7 0 |8 C |9 458343 |a BIBCUR |b BIBCUR |d 2019-11-23 |i 501283K |o 861 HOL 2013 |p 501283K |r 2025-04-22 |w 2019-11-23 |y BK |z Catalogado en:20130930 |k CAC | ||